| 000 | 00344nam a2200133Ia 4500 | ||
|---|---|---|---|
| 008 | 240624s9999 xx 000 0 und d | ||
| 041 | _aeng | ||
| 082 | _a658.5 EYA | ||
| 100 | _aEYAL NIR | ||
| 245 | _aHOOKED HOW TO BUILD HABIT FORMING PRODUC | ||
| 260 |
_c2014 _aNew Delhi _bPortfolio Penguin |
||
| 300 | _a242 : p. : cm. ; 21 | ||
| 365 |
_c _b38 |
||
| 999 |
_c28272 _d28272 |
||